Regioni dei Paesi Europei #7 - Statistics

Statistiche generali
  • Questo quiz è stato fatto 17 volte
  • Il punteggio medio è 3 su 21
Statistiche sulle risposte
Croazia % Corretto
4 Regione istriana
87%
20 Regione di Zagabria
80%
3 Città di Zagabria
27%
14 Regione di Sebenico e Tenin
20%
16 Regione spalatino-dalmata
20%
12 Regione di Pozega e Slavonia
13%
8 Regione di Lica e Segna
7%
11 Regione di Osijek e Baranja
7%
9 Regione litoraneo-montana
7%
13 Regione raguseo-narentana
7%
21 Regione zaratina
7%
1 Regione di Bjelovar e Bilogora
0%
2 Regione di Brod e Posavina
0%
5 Regione di Karlovac
0%
6 Regione di Koprivnica e Krizveci
0%
7 Regione di Krapina e Zagorje
0%
10 Regione di Medimurje
0%
15 Regione di Sisak e Moslavina
0%
17 Regione di Varazdin
0%
19 Regione di Vikovar e Sirmia
0%
18 Regione di Virovitica e Podravina
0%
Nessun quiz corrispondente trovato
Distribuzione punteggi
Percentuale di utenti per punteggio
Percentile per numero di risposta
I tuoi punteggi nel tempo
Non hai fatto questo quiz